000 01785nam1a2200289 i 4500
001 RU\NLR\BIBL_A\022108675
005 20260406093548.0
035 _a(NLR Aleph) 022108675
090 _a12770284
_c12770284
100 _a20240116d2023 u y0rusy50 ca
101 0 _arus
102 _aRU
105 _a| j |||||
181 0 _ai
_baxxe
182 0 _an
200 1 _aКвалификация убийств и других преступлений против личности
_eучебник
_eв 2 томах
_fВ. Ю. Мельников
_gФедеральное государственное бюджетное образовательное учреждение высшего образования "Всероссийский государственный университет юстиции (РПА Минюста России)", Ростовский институт (филиал) в г. Ростове-на-Дону
203 _aТекст
_bвизуальный
_cнепосредственный
210 _aРостов-на-Дону
_cИзд-во Ростовского института (филиала) ВГУЮ
_d2023
215 _d21
300 _aВ вып. дан. авт.: В. Ю. Мельников, проф., д-р юрид. наук, доц.
606 1 _aПреступления против личности
_jУчебники для высших учебных заведений
_xКвалификация
_yРоссийская Федерация
_92365670
_3RU\NLR\AUTH\661412340
686 1 _aХ628.111.305я73
700 1 _8rus
_7ca
_aМельников
_bВ. Ю.
_cд-р юрид. наук
_gВиктор Юрьевич
_3RU\NLR\AUTH\7766286
_949214
852 _aNLR
_j2024-3/464
942 _cBOOK